[Event "CZECH OPEN 2011 "]
[Site "Pardubice (CZE)"]
[Date "2011.07.23"]
[Round "2.32"]
[White "Tate, Alan"]
[Black "Gundavaa, Bayarsaikhan"]
[Result "1/2-1/2"]
[WhiteElo "2342"]
[BlackElo "2480"]
[PlyCount "100"]
[EventDate "2011.07.22"]

1. e4 c5 2. Nf3 Nc6 3. g3 g6 4. Bg2 Bg7 5. O-O d6 6. c3 Bg4 7. h3 Bxf3 8. Qxf3
Nf6 9. Na3 O-O 10. Rd1 Nd7 11. Qe2 Rc8 12. d3 a6 13. Be3 b5 14. d4 b4 15. Nc4
bxc3 16. bxc3 Qc7 17. Rac1 Na5 18. Bf1 Nc6 19. h4 Qa7 20. Bh3 Rcd8 21. Bxd7
Qxd7 22. Nb6 Qh3 23. Nd5 Qe6 24. Qd3 Rc8 25. Kg2 c4 26. Qc2 Rb8 27. f3 Qd7 28.
Rb1 e6 29. Nb6 Qc7 30. Nxc4 Na7 31. Qd3 Rxb1 32. Rxb1 d5 33. Nd2 Nb5 34. Rb3
Rc8 35. Nb1 Qa5 36. a3 Bf8 37. exd5 exd5 38. h5 Qa4 39. Nd2 Bxa3 40. hxg6 hxg6
41. Qc2 Bb4 42. Nb1 Bd6 43. Qb2 Qc4 44. Bf2 Re8 45. Nd2 Qa4 46. Nf1 Qc4 47. Ne3
Qc6 48. Ng4 Bf8 49. c4 Nc7 50. Rb6 Qxc4 1/2-1/2

[Event "CZECH OPEN 2011 "]
[Site "Pardubice (CZE)"]
[Date "2011.07.23"]
[Round "2.34"]
[White "Geske, Julian"]
[Black "Semcesen, Daniel"]
[Result "1/2-1/2"]
[WhiteElo "2337"]
[BlackElo "2480"]
[PlyCount "55"]
[EventDate "2011.07.22"]

1. e4 e5 2. Nf3 Nc6 3. Bb5 a6 4. Ba4 Nf6 5. d3 d6 6. c3 g6 7. O-O Bg7 8. Re1
O-O 9. h3 b5 10. Bc2 Bb7 11. Nbd2 Re8 12. Nf1 Nb8 13. Ng3 Nbd7 14. d4 c5 15. d5
c4 16. Be3 h5 17. Qd2 Nh7 18. Nf1 Nc5 19. b4 cxb3 20. axb3 Qc7 21. Ng3 Rac8 22.
Rec1 Bf6 23. Qe2 Qd8 24. Nf1 Bg5 25. N3d2 Nd7 26. Bd3 Nc5 27. Bc2 Nd7 28. Bd3
1/2-1/2

[Event "CZECH OPEN 2011 "]
[Site "Pardubice (CZE)"]
[Date "2011.07.23"]
[Round "2.35"]
[White "Maximov, Dmitry"]
[Black "Kachar, Vladimir"]
[Result "1-0"]
[WhiteElo "2479"]
[BlackElo "2328"]
[PlyCount "69"]
[EventDate "2011.07.22"]

1. e4 c5 2. Nf3 e6 3. c3 Nf6 4. e5 Nd5 5. d4 cxd4 6. cxd4 d6 7. a3 Nc6 8. Bd3
Qc7 9. O-O Be7 10. Qe2 a6 11. Qe4 f5 12. exf6 Nxf6 13. Qe2 O-O 14. Bf4 Nd5 15.
Bg3 Nf4 16. Bxf4 Rxf4 17. d5 Nd8 18. dxe6 Bxe6 19. Nc3 Qd7 20. Rfe1 Bf6 21. Ne4
h6 22. Rad1 Kh8 23. Bb1 Bg8 24. Qe3 Qg4 25. h3 Rxf3 26. hxg4 Rxe3 27. Rxe3 Bxb2
28. Nxd6 Nc6 29. Rde1 Rd8 30. Nxb7 Rd2 31. a4 Bf6 32. R3e2 Rd4 33. Re8 Rd2 34.
Bg6 Bd4 35. Rxg8+ 1-0

[Event "CZECH OPEN 2011 "]
[Site "Pardubice (CZE)"]
[Date "2011.07.23"]
[Round "2.38"]
[White "Bruedigam, Martin"]
[Black "Rasik, Vitezslav"]
[Result "0-1"]
[WhiteElo "2322"]
[BlackElo "2475"]
[PlyCount "64"]
[EventDate "2011.07.22"]

1. e4 d6 2. d4 Nf6 3. Nc3 g6 4. Be3 Bg7 5. f3 c6 6. Qd2 b5 7. d5 b4 8. Nd1 cxd5
9. exd5 Qa5 10. a3 Nxd5 11. axb4 Qxb4 12. Rxa7 Rxa7 13. Bxa7 Nc6 14. Bf2 Bh6
15. Qxb4 Ndxb4 16. c4 Nc2+ 17. Ke2 Be6 18. Kd3 N2b4+ 19. Kc3 Bg7+ 20. Kd2 Na5
21. Nc3 Bxc4 22. Nh3 Kd7 23. Be2 Rc8 24. Rb1 Nb3+ 25. Kd1 Nd3 26. Bb6 Rc6 27.
Be3 Nxb2+ 28. Rxb2 Bxe2+ 29. Rxe2 Rxc3 30. Ng5 Bh6 31. f4 Bxg5 32. fxg5 e5 0-1

[Event "CZECH OPEN 2011 "]
[Site "Pardubice (CZE)"]
[Date "2011.07.23"]
[Round "2.40"]
[White "Simacek, Pavel"]
[Black "Kjartansson, Gudmundur"]
[Result "1-0"]
[WhiteElo "2470"]
[BlackElo "2310"]
[PlyCount "38"]
[EventDate "2011.07.22"]

1. e4 c6 2. d4 d5 3. Nd2 dxe4 4. Nxe4 Bf5 5. Ng3 Bg6 6. h4 h6 7. N1e2 e6 8. Nf4
Bh7 9. Bc4 Nf6 10. O-O Bd6 11. Re1 Qc7 12. Ngh5 Nxh5 13. Nxh5 O-O 14. Qg4 Bg6
15. Nxg7 Kxg7 16. h5 e5 17. hxg6 fxg6 18. Qe4 Re8 19. dxe5 Bxe5 1-0

[Event "CZECH OPEN 2011 "]
[Site "Pardubice (CZE)"]
[Date "2011.07.23"]
[Round "2.41"]
[White "Shemeakin, Alexander"]
[Black "Bryzgalin, Kirill"]
[Result "1/2-1/2"]
[WhiteElo "2317"]
[BlackElo "2469"]
[PlyCount "25"]
[EventDate "2011.07.22"]

1. e4 e5 2. Nf3 Nc6 3. Bc4 Nf6 4. d3 Be7 5. c3 O-O 6. O-O d6 7. h3 Na5 8. Bb5
a6 9. Ba4 b5 10. Bc2 c5 11. Nbd2 Qc7 12. a4 Bb7 13. Re1 1/2-1/2

[Event "CZECH OPEN 2011 "]
[Site "Pardubice (CZE)"]
[Date "2011.07.23"]
[Round "2.49"]
[White "Vesecky, Martin"]
[Black "Breder, Dennis"]
[Result "0-1"]
[WhiteElo "2083"]
[BlackElo "2443"]
[PlyCount "92"]
[EventDate "2011.07.22"]

1. d4 d5 2. Nf3 c6 3. c4 e6 4. Qc2 dxc4 5. Qxc4 Nf6 6. g3 b5 7. Qc2 Bb7 8. Bg2
Nbd7 9. O-O c5 10. Bg5 Rc8 11. Rd1 Be7 12. Qb3 a6 13. dxc5 Rxc5 14. Bxf6 Bxf6
15. Nbd2 Qa8 16. Ne1 Bxg2 17. Nxg2 O-O 18. Nf3 Nb6 19. Ne3 Na4 20. Rd2 Qe4 21.
Rad1 h5 22. Nd4 Rfc8 23. Qb4 Rc1 24. b3 Nc3 25. Rxc1 Nxe2+ 26. Rxe2 Rxc1+ 27.
Re1 Qxd4 28. Qa5 Bd8 29. Qxd8+ Qxd8 30. Rxc1 g5 31. Rc6 Qa5 32. Rc2 Kg7 33. Kg2
Kg6 34. Re2 Qc3 35. Rc2 Qd3 36. Kg1 Qe4 37. Rd2 h4 38. Rd8 Qb1+ 39. Kg2 Qe4+
40. Kg1 hxg3 41. hxg3 Qb1+ 42. Kg2 Qxa2 43. b4 f5 44. Rd6 Kf6 45. Rd8 Ke5 46.
Rg8 Qb1 0-1

[Event "CZECH OPEN 2011 "]
[Site "Pardubice (CZE)"]
[Date "2011.07.23"]
[Round "2.50"]
[White "Recuero Guerra, David"]
[Black "Miller, Eduard"]
[Result "1-0"]
[WhiteElo "2441"]
[BlackElo "2088"]
[PlyCount "59"]
[EventDate "2011.07.22"]

1. d4 d5 2. c4 c6 3. Nf3 Nf6 4. e3 Bg4 5. Qb3 Qc7 6. Ne5 Bf5 7. cxd5 cxd5 8.
Bd2 e6 9. Na3 Nc6 10. Rc1 Nd7 11. Nxc6 bxc6 12. Bb5 Rb8 13. Rxc6 Qxc6 14. Bxc6
Rxb3 15. axb3 a6 16. Ke2 Bd6 17. b4 Ke7 18. b5 Rb8 19. Ra1 Rb6 20. Ba5 Rb8 21.
bxa6 Rxb2+ 22. Ke1 Nb8 23. Bc3 Rb3 24. a7 Rxc3 25. Nb5 Nxc6 26. a8=Q Bb4 27.
Nxc3 Bxc3+ 28. Ke2 Bxa1 29. Qxc6 Kf6 30. Qc1 1-0

[Event "CZECH OPEN 2011 "]
[Site "Pardubice (CZE)"]
[Date "2011.07.23"]
[Round "2.67"]
[White "Rozum, Ivan"]
[Black "Zwardon, Vojtech"]
[Result "1-0"]
[WhiteElo "2464"]
[BlackElo "2231"]
[PlyCount "119"]
[EventDate "2011.07.22"]

1. d4 Nf6 2. c4 e5 3. dxe5 Ng4 4. Nh3 Nxe5 5. e3 d6 6. Nf4 g5 7. Nh5 Bg4 8. Be2
Bxh5 9. Bxh5 Qd7 10. f4 gxf4 11. exf4 Ng6 12. O-O Nc6 13. Re1+ Be7 14. Nc3
O-O-O 15. Nd5 f5 16. b4 Rde8 17. b5 Nb8 18. Bb2 Rhg8 19. Qd4 c5 20. Qd3 Bd8 21.
Bc3 Rgf8 22. g3 Rxe1+ 23. Rxe1 Qf7 24. Re3 Nd7 25. Kf2 Kb8 26. a4 Ka8 27. a5
Kb8 28. Re2 Kc8 29. a6 bxa6 30. bxa6 Nb8 31. Qf3 Nxa6 32. Ne3 Qb7 33. Nxf5
Qxf3+ 34. Bxf3 Kd7 35. Bg4 Kc6 36. Nxd6 Nxf4 37. gxf4 Rxf4+ 38. Bf3+ Rxf3+ 39.
Kxf3 Kxd6 40. Ra2 Nc7 41. Rxa7 Ne6 42. Ke4 h5 43. Be5+ Kc6 44. Ra6+ Bb6 45. Ra8
Ng5+ 46. Kf4 Nf7 47. h3 Bd8 48. Rc8+ Kb7 49. Rxc5 Ng5 50. Rb5+ Kc6 51. h4 Nf7
52. Bd4 Bxh4 53. Rxh5 Be7 54. Ke4 Ng5+ 55. Kd3 Ne6 56. Rh6 Kd7 57. Be3 Bf8 58.
Rg6 Be7 59. Ke4 Bd6 60. Bd4 1-0

[Event "CZECH OPEN 2011 "]
[Site "Pardubice (CZE)"]
[Date "2011.07.23"]
[Round "2.71"]
[White "Talla, Vladimir"]
[Black "Straka, Vojtech"]
[Result "1/2-1/2"]
[WhiteElo "2427"]
[BlackElo "2200"]
[PlyCount "41"]
[EventDate "2011.07.22"]

1. e4 c5 2. Nf3 d6 3. d4 cxd4 4. Nxd4 Nf6 5. Nc3 Nc6 6. Bg5 e6 7. Qd2 Be7 8.
O-O-O O-O 9. f4 h6 10. Bh4 Bd7 11. Ndb5 Nxe4 12. Nxe4 Bxh4 13. Nbxd6 Bc8 14. g3
Be7 15. Bg2 e5 16. Qe1 Qc7 17. fxe5 Nxe5 18. Qc3 Qxc3 19. Nxc3 Bg4 20. Rd5 Rab8
21. h3 1/2-1/2

[Event "CZECH OPEN 2011 "]
[Site "Pardubice (CZE)"]
[Date "2011.07.23"]
[Round "2.72"]
[White "Seifert, Christopher"]
[Black "Ivanov, Mikhail M"]
[Result "1/2-1/2"]
[WhiteElo "2193"]
[BlackElo "2410"]
[PlyCount "46"]
[EventDate "2011.07.22"]

1. c4 c5 2. g3 Nc6 3. Bg2 g6 4. e3 Bg7 5. Ne2 d6 6. O-O h5 7. Nbc3 h4 8. d4
hxg3 9. hxg3 Bg4 10. d5 Ne5 11. f4 Nd7 12. Ne4 Bh3 13. Bxh3 Rxh3 14. Bd2 Nb6
15. Nf2 Rh7 16. Nc3 Qd7 17. Qe2 e6 18. dxe6 fxe6 19. Rfd1 Nf6 20. Re1 Qc6 21.
Nb5 d5 22. cxd5 exd5 23. e4 Kf8 1/2-1/2

[Event "CZECH OPEN 2011 "]
[Site "Pardubice (CZE)"]
[Date "2011.07.23"]
[Round "2.93"]
[White "Bente, Bjoern"]
[Black "Denisov, Ivan"]
[Result "1-0"]
[WhiteElo "2226"]
[BlackElo "2323"]
[PlyCount "87"]
[EventDate "2011.07.22"]

1. c4 Nf6 2. g3 e5 3. Bg2 d5 4. cxd5 Nxd5 5. Nc3 Nb6 6. Nf3 Nc6 7. O-O Be7 8.
a3 O-O 9. b4 Be6 10. Rb1 f6 11. d3 a5 12. b5 Nd4 13. Nd2 Rb8 14. Re1 Bf7 15.
Na4 Nd7 16. Nf3 Nc5 17. Nxd4 exd4 18. b6 c6 19. Bf4 Rc8 20. Bc7 Qd7 21. Nxc5
Bxc5 22. Qa4 Qe7 23. Qxa5 Ra8 24. Qd2 Rxa3 25. Rec1 Ra2 26. Rc2 Bb4 27. Rxa2
Bxd2 28. Rxd2 Qd7 29. Ra1 Bd5 30. Bxd5+ Qxd5 31. Ra7 c5 32. Ra5 Qb3 33. Rxc5
Qb1+ 34. Kg2 Ra8 35. Rdc2 Ra1 36. Bf4 Qf1+ 37. Kf3 Qh1+ 38. Kg4 Qxh2 39. Kf5 g5
40. Rc8+ Kg7 41. R2c7+ Kh6 42. Rh8 Ra5+ 43. Kxf6 Kh5 44. Rhxh7+ 1-0

[Event "CZECH OPEN 2011 "]
[Site "Pardubice (CZE)"]
[Date "2011.07.23"]
[Round "2.94"]
[White "Schulz, Jens"]
[Black "Gislason, Gudmundur"]
[Result "0-1"]
[WhiteElo "2218"]
[BlackElo "2322"]
[PlyCount "110"]
[EventDate "2011.07.22"]

1. e4 g6 2. Nc3 Bg7 3. Bc4 c5 4. f4 Nc6 5. Nf3 Na5 6. Be2 d6 7. O-O Nf6 8. Qe1
Nc6 9. Bb5 O-O 10. Bxc6 bxc6 11. d3 Ne8 12. Rb1 f5 13. e5 Nc7 14. Nd1 Ne6 15.
Bd2 Nd4 16. c3 Nxf3+ 17. Rxf3 dxe5 18. fxe5 Qd5 19. Bf4 Qxa2 20. Nf2 h6 21. h4
Rb8 22. Rg3 Kh7 23. Qc1 Qe6 24. Qe3 Qa2 25. Rf1 Rxb2 26. Qxc5 Qa4 27. Nh3 Rf7
28. h5 gxh5 29. Qe3 h4 30. e6 hxg3 31. exf7 Qa2 32. f8=N+ Bxf8 33. Qxg3 Qg8 34.
Qf3 Qg4 35. Qxg4 fxg4 36. Nf2 Ra2 37. Ne4 Bf5 38. Nc5 Kg6 39. d4 h5 40. Re1 h4
41. g3 h3 42. Ne6 Bh6 43. Re5 Ra1+ 44. Kh2 Rf1 45. Bxh6 Kxh6 46. Nf4 Kg5 47.
Rxe7 a5 48. Re8 a4 49. Rf8 Re1 50. Rg8+ Kh6 51. Rh8+ Kg7 52. Rh5 Be4 53. Ne6+
Kf6 54. Rh6+ Ke7 55. Nf4 Rh1# 0-1

[Event "CZECH OPEN 2011 "]
[Site "Pardubice (CZE)"]
[Date "2011.07.23"]
[Round "2.85"]
[White "Sengupta, Deep"]
[Black "Palecek, Peter"]
[Result "1-0"]
[WhiteElo "2563"]
[BlackElo "2230"]
[PlyCount "92"]
[EventDate "2011.07.22"]

1. e4 e5 2. Nf3 Nc6 3. Bb5 a6 4. Ba4 Nf6 5. O-O Be7 6. Re1 b5 7. Bb3 d6 8. c3
O-O 9. d4 Bg4 10. Be3 exd4 11. cxd4 Na5 12. Bc2 c5 13. dxc5 dxc5 14. Nbd2 Nc6
15. Bb1 c4 16. Qe2 Re8 17. a4 Bb4 18. Rd1 Qe7 19. h3 Bh5 20. g4 Bg6 21. axb5
axb5 22. Rxa8 Rxa8 23. Bg5 Re8 24. Bxf6 Qxf6 25. Nf1 Rd8 26. e5 Qe7 27. Rxd8+
Nxd8 28. Bf5 Ne6 29. Qe4 Nc5 30. Qc6 Na4 31. Ne3 Qc5 32. Qe8+ Qf8 33. Qxb5 Nxb2
34. Nd5 Ba3 35. Ng5 Nd3 36. e6 fxe6 37. Nxe6 Qc8 38. Qa5 Bxf5 39. gxf5 Bf8 40.
Qa7 Qe8 41. Qc7 h6 42. Qxc4 Ne5 43. Qe4 Nd7 44. Ndf4 Nf6 45. Qc4 Kh7 46. Qc7
Qd7 1-0

[Event "CZECH OPEN 2011 "]
[Site "Pardubice (CZE)"]
[Date "2011.07.23"]
[Round "2.91"]
[White "Kratochvil, Josef"]
[Black "Soloviova, Liza"]
[Result "1-0"]
[WhiteElo "2230"]
[BlackElo "2330"]
[PlyCount "57"]
[EventDate "2011.07.22"]

1. e4 e5 2. Nf3 Nf6 3. d4 Nxe4 4. Bd3 d5 5. Nxe5 Nd7 6. Nxd7 Bxd7 7. O-O Bd6 8.
c4 c6 9. Nc3 Nxc3 10. bxc3 O-O 11. cxd5 cxd5 12. Qh5 f5 13. c4 Qc7 14. c5 Be7
15. Qf3 Qc6 16. Rb1 Bf6 17. Bf4 Rf7 18. Bd6 Qc8 19. Rfe1 Be6 20. Rxe6 Qxe6 21.
Bxf5 Qe8 22. Qxd5 Rd8 23. Be6 Rdd7 24. Rxb7 Rxb7 25. Qxb7 h6 26. Qxf7+ Qxf7 27.
Bxf7+ Kxf7 28. Be5 Be7 29. c6 1-0

[Event "CZECH OPEN 2011 "]
[Site "Pardubice (CZE)"]
[Date "2011.07.23"]
[Round "2.92"]
[White "Pribyl, Josef"]
[Black "Majer-Jun., Jiri"]
[Result "1/2-1/2"]
[WhiteElo "2328"]
[BlackElo "2217"]
[PlyCount "50"]
[EventDate "2011.07.22"]

1. e4 d6 2. d4 Nf6 3. Nc3 g6 4. Nf3 Bg7 5. h3 O-O 6. Bg5 c6 7. a4 Nbd7 8. Be2
Qc7 9. O-O e5 10. Re1 Re8 11. Bc4 Nf8 12. Qd2 Ne6 13. Be3 exd4 14. Nxd4 Nxd4
15. Bxd4 Be6 16. Bf1 Rad8 17. a5 c5 18. Be3 d5 19. exd5 Nxd5 20. Nxd5 Bxd5 21.
Bf4 Be6 22. Qc1 Qc6 23. Bh6 Bf5 24. Rxe8+ Qxe8 25. Bxg7 Kxg7 1/2-1/2

[Event "CZECH OPEN 2011 "]
[Site "Pardubice (CZE)"]
[Date "2011.07.23"]
[Round "2.33"]
[White "Kovacevic, Blazimir"]
[Black "Zimmermann, Julian"]
[Result "1/2-1/2"]
[WhiteElo "2480"]
[BlackElo "2331"]
[PlyCount "100"]
[EventDate "2011.07.22"]

1. d4 Nf6 2. Nf3 g6 3. Nbd2 d5 4. e3 Bg7 5. b4 O-O 6. c4 c6 7. Bb2 Bg4 8. h3
Bxf3 9. Nxf3 Nbd7 10. Be2 Ne4 11. O-O e6 12. a4 f5 13. Rc1 Rf7 14. b5 h5 15.
bxc6 bxc6 16. cxd5 cxd5 17. Rc6 g5 18. Nd2 Nxd2 19. Qxd2 g4 20. Rfc1 Qf6 21.
hxg4 hxg4 22. g3 Qh6 23. Bf1 Bf8 24. Bg2 Rh7 25. Bc3 Re8 26. Bb4 Nf6 27. Bxf8
Qxf8 28. Rc7 Qd6 29. Rxh7 Nxh7 30. Qa5 Re7 31. Rc8+ Kf7 32. Qc5 Qxc5 33. dxc5
Rb7 34. f4 gxf3 35. Bxf3 Ng5 36. Bh5+ Ke7 37. Rg8 Rb1+ 38. Kg2 Rb2+ 39. Kh1
Rb1+ 40. Kg2 Rb2+ 41. Kf1 Ne4 42. g4 fxg4 43. Bxg4 Nxc5 44. Rg7+ Kd6 45. Rxa7
Ra2 46. a5 e5 47. Ra8 d4 48. exd4 exd4 49. Be2 Ne4 50. Bd3 Nc5 1/2-1/2

[Event "CZECH OPEN 2011 "]
[Site "Pardubice (CZE)"]
[Date "2011.07.23"]
[Round "2.37"]
[White "Kanovsky, David"]
[Black "Kersten, Uwe"]
[Result "1-0"]
[WhiteElo "2478"]
[BlackElo "2314"]
[PlyCount "137"]
[EventDate "2011.07.22"]

1. e4 c5 2. Nf3 e6 3. d4 cxd4 4. Nxd4 a6 5. Bd3 Nc6 6. Nxc6 dxc6 7. Be3 e5 8.
Nd2 Be6 9. Nc4 Bxc4 10. Bxc4 Qxd1+ 11. Rxd1 Nf6 12. f3 Be7 13. Bb6 Rf8 14. Ke2
Nd7 15. Ba5 b5 16. Bb3 Nc5 17. Rd2 Ra7 18. Rhd1 Rd7 19. Rxd7 Nxd7 20. Bc7 Bd8
21. Bd6 Be7 22. g3 Bxd6 23. Rxd6 Nb8 24. f4 Ke7 25. fxe5 Rc8 26. Ke3 Rc7 27.
Kf4 a5 28. a4 bxa4 29. Bxa4 f6 30. Rd4 Nd7 31. exf6+ gxf6 32. Rc4 Kd6 33. Rd4+
Ke7 34. Kf5 Ne5 35. h4 c5 36. Rd5 Nc4 37. Kf4 Nb6 38. Rh5 Ke6 39. Bb3+ c4 40.
Ba2 a4 41. g4 Kd6 42. Rh6 a3 43. bxa3 Ra7 44. Rxf6+ Kc5 45. g5 Rxa3 46. Rxb6
Rxa2 47. Rb7 Rxc2 48. Rxh7 Kb6 49. Ke3 Rg2 50. Kd4 Kb5 51. Rb7+ Kc6 52. Rb8 Rg4
53. Rc8+ Kd7 54. Rxc4 Rxh4 55. Ke5 Rh1 56. Ra4 Rb1 57. Ra7+ Ke8 58. g6 Kf8 59.
Kf5 Rf1+ 60. Ke6 Rb1 61. e5 Rb2 62. Rf7+ Kg8 63. Kf6 Rf2+ 64. Ke7 Ra2 65. e6
Rb2 66. Kd8 Rd2+ 67. Rd7 Ra2 68. e7 Ra8+ 69. Kc7 1-0

[Event "CZECH OPEN 2011 "]
[Site "Pardubice (CZE)"]
[Date "2011.07.23"]
[Round "2.53"]
[White "Aguettaz, Maxime"]
[Black "Lokander, Martin"]
[Result "1-0"]
[WhiteElo "2426"]
[BlackElo "2044"]
[PlyCount "87"]
[EventDate "2011.07.22"]

1. d4 Nf6 2. Nf3 g6 3. c4 Bg7 4. Nc3 d5 5. Bg5 Ne4 6. Bf4 Nxc3 7. bxc3 dxc4 8.
e3 Be6 9. Rb1 b6 10. Be2 O-O 11. O-O Nc6 12. Ng5 Bd5 13. e4 h6 14. Rb5 e6 15.
exd5 hxg5 16. Bxc7 Qxc7 17. dxc6 Qxc6 18. Rxg5 Rad8 19. Bf3 Qc7 20. h4 Bh6 21.
Rg4 e5 22. d5 b5 23. Qb1 a6 24. h5 g5 25. Qf5 Qe7 26. a4 f6 27. axb5 axb5 28.
Rb1 Rb8 29. d6 Qh7 30. Bd5+ Kh8 31. Be6 Qxf5 32. Bxf5 Rfd8 33. d7 Bf8 34. Kf1
Kg7 35. Re4 Kf7 36. Re2 b4 37. cxb4 Bxb4 38. Reb2 Bd6 39. Rxb8 Bxb8 40. Rc1 Bd6
41. Rxc4 Bf8 42. Rc8 Be7 43. Ke2 Kg7 44. Kf3 1-0

[Event "CZECH OPEN 2011 "]
[Site "Pardubice (CZE)"]
[Date "2011.07.23"]
[Round "2.54"]
[White "Pirverdiyev, Agil"]
[Black "Feuerstack, Aljoscha"]
[Result "0-1"]
[WhiteElo "2050"]
[BlackElo "2421"]
[PlyCount "104"]
[EventDate "2011.07.22"]

1. e4 c6 2. d4 d5 3. Nc3 dxe4 4. Nxe4 Bf5 5. Ng3 Bg6 6. h4 h6 7. Nf3 Nd7 8. h5
Bh7 9. Bd3 Bxd3 10. Qxd3 e6 11. Bd2 Ngf6 12. O-O-O Be7 13. Kb1 O-O 14. Ne4 c5
15. dxc5 Nxc5 16. Nxf6+ Bxf6 17. Qxd8 Rfxd8 18. Be3 Rdc8 19. g4 Na4 20. Bd4 Rc4
21. c3 Bxd4 22. Rxd4 Rxd4 23. Nxd4 Rd8 24. Kc2 Kf8 25. f4 Rd5 26. Re1 Nc5 27.
b4 Nd7 28. Nf3 Nf6 29. Ne5 Rd8 30. Rf1 Ne4 31. Re1 Nf6 32. Rf1 Ke7 33. Rf3 Ne4
34. Rd3 Rxd3 35. Kxd3 f5 36. gxf5 exf5 37. Nf3 Ng3 38. Nd4 Kf6 39. Nb5 Nxh5 40.
Ke3 g5 41. fxg5+ hxg5 42. Nxa7 f4+ 43. Kf2 g4 44. Nb5 Ke5 45. a4 Nf6 46. a5
Ne4+ 47. Kf1 f3 48. Nd4 Nxc3 49. b5 Kxd4 50. a6 bxa6 51. b6 g3 52. b7 Ke3 0-1

[Event "CZECH OPEN 2011 "]
[Site "Pardubice (CZE)"]
[Date "2011.07.23"]
[Round "2.55"]
[White "Potapov, Alexander"]
[Black "Chernyshova, Natalia"]
[Result "0-1"]
[WhiteElo "2418"]
[BlackElo "2039"]
[PlyCount "162"]
[EventDate "2011.07.22"]

1. d4 Nf6 2. c4 g6 3. Nc3 d5 4. Bf4 Bg7 5. e3 c6 6. Nf3 Nbd7 7. cxd5 Nxd5 8.
Nxd5 cxd5 9. Be2 O-O 10. O-O Nf6 11. Qb3 Nh5 12. Bg5 h6 13. Bh4 Nf6 14. Nd2 Qa5
15. Rfd1 Qb6 16. Qxb6 axb6 17. Bg3 Bd7 18. a3 Rfc8 19. Rdc1 Ne8 20. Nf3 f6 21.
Ne1 e6 22. Nd3 Bf8 23. f3 Nd6 24. Nf4 Kf7 25. Bd3 f5 26. Ne2 Nc4 27. Bxc4 dxc4
28. Be1 b5 29. h3 Ra6 30. Rab1 Bc6 31. Rc2 Bd5 32. Nc1 b4 33. axb4 Rca8 34. b3
b5 35. Kf2 Ra1 36. Rbb2 g5 37. bxc4 Bxc4 38. Nb3 Rxe1 39. Kxe1 Bxb4+ 40. Nd2
Ra1+ 41. Kf2 Bxd2 42. Rxd2 Rf1+ 43. Kg3 Re1 44. e4 fxe4 45. fxe4 Rxe4 46. Kf2
Ke7 47. Rb1 Kd6 48. Ra1 Rf4+ 49. Ke3 Kd5 50. Ra8 Re4+ 51. Kf3 Rf4+ 52. Kg3 Ke4
53. Rd1 h5 54. Rg8 h4+ 55. Kh2 Rf5 56. Rb8 Ke3 57. d5 Rxd5 58. Re1+ Be2 59. Ra8
Kd2 60. Raa1 b4 61. Reb1 Kc3 62. Rc1+ Kd4 63. Kg1 Bd3 64. Ra4 Rb5 65. Kf2 e5
66. Ra8 b3 67. Rd8+ Rd5 68. Rb8 Bc2 69. Re1 e4 70. Ke2 Ke5 71. Ke3 Rd3+ 72. Ke2
Kd4 73. Rd8+ Kc3 74. Rc8+ Kb2 75. Rc7 Rc3 76. Rg7 Bd3+ 77. Ke3 Rc1 78. Re2+
Bxe2 79. Kxe2 Rc2+ 80. Ke3 Rxg2 81. Rb7 Rg3+ 0-1

[Event "CZECH OPEN 2011 "]
[Site "Pardubice (CZE)"]
[Date "2011.07.23"]
[Round "2.56"]
[White "Hampel, Felix"]
[Black "Abel, Dennes"]
[Result "0-1"]
[WhiteElo "2049"]
[BlackElo "2418"]
[PlyCount "174"]
[EventDate "2011.07.22"]

1. d4 d5 2. c4 c6 3. Nf3 Nf6 4. Nc3 dxc4 5. a4 Bf5 6. e3 e6 7. Bxc4 Bb4 8. O-O
O-O 9. Qe2 Ne4 10. Nxe4 Bxe4 11. Ne5 Nd7 12. Nd3 Be7 13. Bd2 a5 14. Bc3 Nb6 15.
Bb3 Nd5 16. f3 Bxd3 17. Qxd3 Bf6 18. Rfd1 Qb6 19. Bc2 g6 20. Kh1 Rfd8 21. Qe2
Rd7 22. Rd2 Rad8 23. Rad1 Qc7 24. Bb3 Qb6 25. Bc4 Bg5 26. f4 Be7 27. Qf3 Bf6
28. h3 Bg7 29. Qf2 Qc7 30. g3 Rd6 31. e4 Nb4 32. e5 R6d7 33. Bxb4 axb4 34. Kh2
Bf8 35. Qe3 Ra8 36. b3 Rdd8 37. Qe4 Qd7 38. g4 Bh6 39. Rg2 b5 40. axb5 cxb5 41.
Be2 Qd5 42. Qxd5 Bxf4+ 43. Kh1 exd5 44. Bxb5 Rac8 45. Rf2 g5 46. Rd3 Rb8 47.
Ba4 Rdc8 48. Kg2 Rb7 49. Re2 Kg7 50. e6 fxe6 51. Rxe6 Rc2+ 52. Kf1 Rf7 53. Be8
Ra7 54. Ba4 Rf7 55. Be8 Ra7 56. Ba4 Rac7 57. Re2 Rc1+ 58. Re1 R1c3 59. Red1 Rc2
60. Rf3 Rh2 61. Kg1 Rb2 62. Kf1 Rc3 63. Rfd3 Rh2 64. Bd7 Kf6 65. Bf5 h5 66. Bd7
h4 67. Be8 Rh1+ 68. Kg2 Rh2+ 69. Kf1 Rxh3 70. Rxh3 Rxh3 71. Bc6 Ke6 72. Re1+
Kd6 73. Ba4 Rf3+ 74. Ke2 Rg3 75. Kf2 Rxg4 76. Re8 Bg3+ 77. Ke3 Bf4+ 78. Kf2
Bg3+ 79. Ke3 h3 80. Rd8+ Ke7 81. Rd7+ Kf6 82. Ra7 h2 83. Ra6+ Ke7 84. Ra7+ Kd8
85. Ra8+ Kc7 86. Ra7+ Kb8 87. Rh7 Rh4 0-1

[Event "CZECH OPEN 2011 "]
[Site "Pardubice (CZE)"]
[Date "2011.07.23"]
[Round "2.60"]
[White "Danin, Alexandre"]
[Black "Tjurin, Alexander"]
[Result "1-0"]
[WhiteElo "2538"]
[BlackElo "2303"]
[PlyCount "95"]
[EventDate "2011.07.22"]

1. e4 e5 2. Nf3 Nc6 3. d4 exd4 4. Nxd4 Bc5 5. Nxc6 bxc6 6. Bd3 Qh4 7. O-O Nf6
8. Qf3 Bd4 9. h3 O-O 10. Na3 Re8 11. c3 Bb6 12. Bf4 d6 13. Rfe1 Be6 14. Nc4
Bxc4 15. Bxc4 d5 16. Bg3 Qg5 17. exd5 cxd5 18. Bb5 Re6 19. Bf4 Qh4 20. Rxe6
fxe6 21. Rf1 Rf8 22. Be3 Ne4 23. Qe2 Qf6 24. Bxb6 axb6 25. Bd3 Nd6 26. f4 g6
27. g3 c5 28. Re1 Re8 29. Kg2 Kf7 30. Bc2 Ra8 31. a3 Ra7 32. Bd3 Re7 33. Qf3
Kg7 34. h4 c4 35. Bc2 e5 36. Qxd5 exf4 37. Rxe7+ Qxe7 38. Qd4+ Kg8 39. Qxf4 b5
40. Kf2 Qe6 41. Bd1 Ne4+ 42. Kg2 Nc5 43. Qb8+ Kg7 44. Qc7+ Nd7 45. Bf3 Kh6 46.
Qc6 Qf5 47. Qe4 Qc5 48. Qd5 1-0

[Event "CZECH OPEN 2011 "]
[Site "Pardubice (CZE)"]
[Date "2011.07.23"]
[Round "2.61"]
[White "Barthel, Ansgar"]
[Black "Kovalev, Andrei"]
[Result "0-1"]
[WhiteElo "2224"]
[BlackElo "2531"]
[PlyCount "58"]
[EventDate "2011.07.22"]

1. e4 c5 2. b3 Nc6 3. Bb2 d6 4. Bb5 Bd7 5. Nf3 Nf6 6. Nc3 a6 7. Bxc6 Bxc6 8. d3
e5 9. O-O g6 10. Nd2 Bh6 11. Nc4 b5 12. Ne3 Bxe3 13. fxe3 b4 14. Nd5 Nxd5 15.
Qf3 Ne7 16. Qxf7+ Kd7 17. d4 Qf8 18. dxe5 Qxf7 19. Rxf7 Rhf8 20. Rxh7 dxe5 21.
Bxe5 Ke6 22. Bf4 Bxe4 23. Rd1 Nd5 24. Bg5 Rf5 25. h4 Raf8 26. Bf4 Nxf4 27. exf4
Rxf4 28. Re1 R8f7 29. Rh8 Kd7 0-1

[Event "CZECH OPEN 2011 "]
[Site "Pardubice (CZE)"]
[Date "2011.07.23"]
[Round "2.62"]
[White "Stupak, Kirill"]
[Black "Hagesaether, Ellen"]
[Result "1-0"]
[WhiteElo "2530"]
[BlackElo "2287"]
[PlyCount "53"]
[EventDate "2011.07.22"]

1. e4 c6 2. Nc3 d5 3. Nf3 dxe4 4. Nxe4 Bf5 5. Ng3 Bg6 6. h4 h6 7. Ne5 Qd6 8. d4
Nd7 9. Nxg6 Qxg6 10. Bf4 Ngf6 11. Be2 Nd5 12. Bd2 e6 13. c4 Nb4 14. O-O Qc2 15.
a3 Qxd1 16. Raxd1 Na6 17. d5 O-O-O 18. Bc3 cxd5 19. cxd5 Nc7 20. dxe6 Nxe6 21.
Bh5 Ndc5 22. Bxf7 Nf4 23. Rxd8+ Kxd8 24. Rd1+ Kc8 25. b4 Nd7 26. Rd4 g5 27.
Rc4+ 1-0

[Event "CZECH OPEN 2011 "]
[Site "Pardubice (CZE)"]
[Date "2011.07.23"]
[Round "2.63"]
[White "Looshnikov, Nikolai"]
[Black "Havlikova, Kristyna"]
[Result "1-0"]
[WhiteElo "2512"]
[BlackElo "2280"]
[PlyCount "115"]
[EventDate "2011.07.22"]

1. e4 c5 2. Nf3 Nc6 3. Bb5 g6 4. O-O Bg7 5. Re1 e5 6. Bxc6 dxc6 7. d3 Qe7 8.
Nbd2 Bg4 9. Nc4 f6 10. a3 Be6 11. Nfd2 Nh6 12. b4 Nf7 13. bxc5 Qxc5 14. a4 Qe7
15. Ba3 Qc7 16. a5 Bf8 17. Qf3 Be7 18. Qe3 O-O 19. Bc5 Bxc5 20. Qxc5 Rfe8 21.
Rab1 Qe7 22. Qe3 Red8 23. f4 Bxc4 24. Nxc4 Rd7 25. Rf1 Nd6 26. Nd2 Nb5 27. fxe5
fxe5 28. Rf2 Rf8 29. Rxf8+ Kxf8 30. Nc4 Kg8 31. Rf1 Rd8 32. Qf2 a6 33. h3 Nd4
34. Kh2 Rf8 35. Qxf8+ Qxf8 36. Rxf8+ Kxf8 37. c3 Nb3 38. Kg3 Ke7 39. Kf3 Ke6
40. Ke3 h6 41. d4 exd4+ 42. cxd4 g5 43. g4 Nc1 44. Kd2 Nb3+ 45. Kc3 Nc1 46. Ne3
Ne2+ 47. Kc4 Nf4 48. Kc5 Nxh3 49. Kb6 Nf2 50. e5 Ne4 51. Kxb7 c5 52. d5+ Kxe5
53. Kxa6 c4 54. Kb5 c3 55. a6 Nd6+ 56. Kc6 Nc8 57. d6 Ke4 58. Nc2 1-0